000 00553nam a22001937a 4500
999 _c3823
_d3823
003 OSt
005 20241101132349.0
008 241101b ||||| |||| 00| 0 eng d
020 _a9780435089139
040 _cKH8
082 _a468.2421 TRA
100 _aTraynor, Tracy,
_eauthor.
245 _aMira 3 Verde :
_bTeacher's Guide /
_cTracy Traynor.
260 _aUnited Kingdom ;
_bPearson Education Ltd ,
_c2010.
300 _a178 pages :
_billustrations ;
_c30 cm.
650 _aForeign language
_vSpanish
650 _aTeacher's Guide
942 _2ddc
_cTR